El Hombre y la reforma agraria de hoy /

Збережено в:
Бібліографічні деталі
Автор: Vicente Castro, Carlos Manuel
Формат: Текст
Предмети:
Теги: Додати тег
Немає тегів, Будьте першим, хто поставить тег для цього запису!

MARC

LEADER 00000 a a2200000 04500
001 9493
003
040
100 |a Vicente Castro, Carlos Manuel  
245 |a El Hombre y la reforma agraria de hoy /  |c Carlos Manuel Vicente Castro 
650 |a REFORMA AGRARIA  
773 |g volumen 1, número 54; páginas 1-5  
999 |c 21396  |d 21396